| 000 | 00970nam a22002177a 4500 | ||
|---|---|---|---|
| 003 | BD-DhJNU | ||
| 005 | 20260419054533.0 | ||
| 008 | 260419b |||||||| |||| 00| 0 eng d | ||
| 020 | _a9789848815632 | ||
| 040 |
_aBD-DhJNU _bBen _cBD-DhJNU _dBD-DhJNU |
||
| 082 |
_223 _a954.92051 |
||
| 100 | _aহাসান, মঈদুল | ||
| 242 |
_aMainstream 71 / _cMoidul Hasan |
||
| 245 |
_aমূলধারা ৭১ / _cমঈদুল হাসান |
||
| 260 |
_aঢাকা : _bইউনিভার্সিটি প্রেস লিমিটেড, _c2024. |
||
| 300 |
_a৩১৯ পৃ. : _bচিত্র ; _c২২ সেমি.। |
||
| 504 | _aগ্রন্থপঞ্জিগত নির্দেশিকা ও নিঘন্ট অন্তভূক্ত | ||
| 650 | _aবাংলাদেশ-স্বাধীনতা সংগ্রাম-১৯৭১ | ||
| 650 | _aবাংলাদেশ ইতিহাস | ||
| 942 |
_2ddc _cBK _n0 |
||
| 999 |
_c2688 _d2688 |
||